[Event "Hessen-ch Seniors op 01st"]
[Site "Bad Sooden-Allendorf"]
[Date "2005.04.30"]
[Round "9"]
[White "Walter, Otto"]
[Black "Luebbers, Doris"]
[Result "1/2-1/2"]
[WhiteElo "1303"]
[BlackElo "1378"]
[PlyCount "81"]
[EventDate "2005.04.22"]
[EventType "swiss"]
[EventRounds "9"]
[EventCountry "GER"]
[SourceTitle "EXT 2007"]
[Source "ChessBase"]
[SourceDate "2006.11.23"]
[SourceVersion "1"]
[SourceVersionDate "2006.11.23"]
[SourceQuality "1"]

1. d4 d5 2. c4 c6 3. Nc3 Nf6 4. Bg5 e6 5. e3 Be7 6. Bd3 dxc4 7. Bxc4 Nd5 8. Bxe7 Qxe7 9. Qg4 0-0 10. Bd3 e5 11. Qe4 f5 12. Qxe5 Qxe5 13. dxe5 Be6 14. Nge2 Nd7 15. f4 Nxe3 16. Kd2 Nxg2 17. Rag1 Nh4 18. Nd4 Nc5 19. Rg3 Rae8 20. Nxe6 Nxe6 21. Bc4 Ng6 22. Ne2 Kh8 23. Ke3 Re7 24. Rd1 Rfe8 25. Rd6 Ngf8 26. Rg1 g6 27. h4 Rg7 28. Rgd1 Rge7 29. Ng3 h5 30. Ne2 Kh7 31. Ng1 Kg7 32. Nh3 Kh8 33. Ng5 Nxg5 34. hxg5 Kg7 35. Rf6 Ne6 36. Rd6 Nf8 37. Rd2 Nh7 38. Rfd6 Nf8 39. Rf6 Nh7 40. Rfd6 Nf8 41. Kf3 1/2-1/2

[Event "Hessen-ch Seniors op 01st"]
[Site "Bad Sooden-Allendorf"]
[Date "2005.04.27"]
[Round "6"]
[White "Walter, Otto"]
[Black "Wauer, Klaus"]
[Result "1-0"]
[WhiteElo "1303"]
[BlackElo "1368"]
[PlyCount "96"]
[EventDate "2005.04.22"]
[EventType "swiss"]
[EventRounds "9"]
[EventCountry "GER"]
[SourceTitle "EXT 2007"]
[Source "ChessBase"]
[SourceDate "2006.11.23"]
[SourceVersion "1"]
[SourceVersionDate "2006.11.23"]
[SourceQuality "1"]

1. d4 d5 2. c4 e6 3. e3 Nf6 4. Nf3 Nbd7 5. Bd3 c6 6. 0-0 Qc7 7. c5 e5 8. Bf5 e4 9. Bxd7+ Nxd7 10. Nfd2 Nf6 11. f3 exf3 12. Nxf3 Ne4 13. Nfd2 Qe7 14. Nxe4 Qxe4 15. Nc3 Qg6 16. Qf3 Be6 17. e4 dxe4 18. Qxe4 Qxe4 19. Nxe4 Rd8 20. Be3 Rd5 21. Rad1 h6 22. Bf4 Kd7 23. b4 b5 24. h3 Be7 25. Nc3 Rf5 26. g4 Rf6 27. d5 Bxd5 28. Nxd5 cxd5 29. Rxd5+ Kc6 30. Rd3 Rd8 31. Rdf3 Re6 32. Bg3 f6 33. h4 g6 34. a3 Rd4 35. Kg2 Rxg4 36. Kh3 h5 37. Rd3 a6 38. a4 Rxb4 39. axb5+ Kxb5 40. Ra3 Kxc5 41. Ra5+ Rb5 42. Bf2+ Kd5 43. Rd1+ Kc4 44. Ra4+ Rb4 45. Ra5 Rb3+ 46. Kg2 Rb2 47. Ra4+ Kc3 48. Rad4 Bb4 1-0